Nghệ thuật làm & sử dụng vũ khí của đồng bào các dân tộc ở A Lưới /

محفوظ في:
التفاصيل البيبلوغرافية
المؤلف الرئيسي: Trần Nguyễn Khánh Phong.
التنسيق: مقال
اللغة:Vietnamese
الموضوعات:
الوسوم: إضافة وسم
لا توجد وسوم, كن أول من يضع وسما على هذه التسجيلة!
Thư viện lưu trữ: Thư viện Trường Đại học Đà Lạt
LEADER 00780nam a2200253 4500
001 DLU090101430
005 ##20091202
040 # # |a DLU  |b vie 
041 # # |a vie 
044 # # |a vn 
100 # # |a Trần Nguyễn Khánh Phong. 
245 # # |a Nghệ thuật làm & sử dụng vũ khí của đồng bào các dân tộc ở A Lưới /  |c Trần Nguyễn Khánh Phong. 
653 # # |a Dân tộc thiểu số 
653 # # |a Thừa Thiên-Huế 
773 # # |t Huế xưa & nay  |g Số 74, 2006, tr. 61-69 
920 # # |a Phòng Tạp chí -- Trung tâm Thông tin - Thư viện Trường Đại học Đà Lạt 
994 # # |a DLU 
900 # # |a True 
911 # # |a Đào Thị Thu Huyền 
925 # # |a G 
926 # # |a A 
927 # # |a BB 
980 # # |a Thư viện Trường Đại học Đà Lạt